Normal view
MARC view
- AISWARYA VINODKUMAR
Entry Personal Name
001 - CONTROL NUMBER
- control field: 5510
003 - CONTROL NUMBER IDENTIFIER
- control field: OSt
005 - DATE AND TIME OF LATEST TRANSACTION
- control field: 20230720142536.0
008 - FIXED-LENGTH DATA ELEMENTS
- fixed length control field: 230720|| aca||aabn | a|a d
040 ## - CATALOGING SOURCE
- Original cataloging agency: OSt
- Transcribing agency: OSt
100 ## - HEADING--PERSONAL NAME
- Personal name: AISWARYA VINODKUMAR
- Personal name: ARUN K CHITAN
- Personal name: GOPIKA GOPI
- Personal name: SAFA KT
- Personal name: VISMAYA V
670 ## - SOURCE DATA FOUND
- Source citation: Work cat.: (OSt)17729: AISWARYA VINODKUMAR ARUN K CHITAN GOPIKA GOPI SAFA KT VISMAYA V, DEVELOPMENT AND EVALUATION OF BITTER GOURD PULP EXTRACTOR , 2023
